00963nam a2200277 i 450000100060000000300090000600500170001500700030003200800410003501600170007602000180009304000200011108000150013110000430014624500970018926000380028630000300032449000320035450000130038650400310039970000430043083000400047385200330051399900170054695201220056313587ES-MaACL20240524095501.0t|930323s1990 sp ||||0| spa d7 zCEN920078276 a84-7039-554-8 aCEN bspa cCEN a860-14"19"1 aAleixandre, Vicente,d1898-198491968810aAmbito / cVicente Aleixandre ; edición, introducción y notas de Alejandro Duque Amusco. aMadrid : bCastalia, cD.L. 1990. a263 p. : bil. ; c18 cm.1 aClásicos Castalia ; v175 aIndices. aBibliografía : p. 61-66.0 aDuque Amusco, Alejandro,d1949-9461520 aClásicos Castalia ; v1759178595 aES-MaACLjL-20981 bR.126589 c13587d13587 00104070aATENEOMbATENEOMcDEPO2d2008-01-17eSCl0oL-20981p1013831r2023-02-23 00:00:00w2023-02-23yMONOGRAFIA